[Event "AUT-ch U08/10"]
[Site "Schwarzach"]
[Date "2008.06.06"]
[Round "2"]
[White "Kaschka, Jonas"]
[Black "Petrik Schweifer, Adam"]
[Result "1-0"]
[WhiteElo "1437"]
[BlackElo "1315"]
[PlyCount "29"]
[EventDate "2008.06.06"]
[EventType "swiss"]
[EventRounds "7"]
[EventCountry "AUT"]
[SourceTitle "EXT 2009"]
[Source "ChessBase"]
[SourceDate "2008.11.26"]
[SourceVersion "1"]
[SourceVersionDate "2008.11.26"]
[SourceQuality "1"]

1. e4 e5 2. Nf3 Nc6 3. Bc4 Bc5 4. Nc3 Nf6 5. d3 0-0 6. 0-0 d6 7. h3 Bd7 8. Nd5 Re8 9. Bg5 Kf8 10. Nxf6 gxf6 11. Bh6+ Kg8 12. Nd2 Bd4 13. Qf3 Kh8 14. Bxf7 Re7 15. Qxf6# 1-0

[Event "AUT-ch U08/10"]
[Site "Schwarzach"]
[Date "2008.06.06"]
[Round "3"]
[White "Petrik Schweifer, Adam"]
[Black "Steiner, Martin"]
[Result "1-0"]
[WhiteElo "1315"]
[BlackElo "1377"]
[PlyCount "63"]
[EventDate "2008.06.06"]
[EventType "swiss"]
[EventRounds "7"]
[EventCountry "AUT"]
[SourceTitle "EXT 2009"]
[Source "ChessBase"]
[SourceDate "2008.11.26"]
[SourceVersion "1"]
[SourceVersionDate "2008.11.26"]
[SourceQuality "1"]

1. e4 e6 2. Nf3 d5 3. exd5 exd5 4. Nc3 Nf6 5. d4 c5 6. Bg5 Nc6 7. Bb5 Qb6 8. Bxf6 gxf6 9. 0-0 Be6 10. Qe2 Rd8 11. Rfe1 a6 12. Bxc6+ bxc6 13. dxc5 Bxc5 14. Na4 Qa7 15. Nxc5 Qxc5 16. Rad1 Kf8 17. Nd4 Bd7 18. h3 Rg8 19. Qe3 Re8 20. Qh6+ Rg7 21. c3 Rb8 22. Qxf6 Kg8 23. Nf5 Bxf5 24. Qxf5 Kh8 25. Rd3 Rbg8 26. Qf6 h6 27. Rg3 Kh7 28. Rxg7+ Rxg7 29. Qf5+ Rg6 30. Qxf7+ Rg7 31. Qf5+ Rg6 32. Re6 1-0